000 00353nam a2200145Ia 4500
008 230711s9999||||xx |||||||||||||| ||und||
041 _aENG
082 _a800
_bNU-I
100 _aMike Nugent
245 0 _aIllustrated dictionary of money and Mathematics
260 _c1995
_aLondon
_bBloomsbury
300 _a160p.
650 _aLiterature
942 _cBK
999 _c3563
_d3563